[Event "RUS-ch Girls U21 2020"]
[Site "Moscow"]
[Date "2020.12.11"]
[Round "4"]
[White "Borisova, Ekaterina"]
[Black "Afonasieva, Anna"]
[Result "1/2-1/2"]
[WhiteElo "2308"]
[BlackElo "2316"]
[Annotator "broadcasts"]
[PlyCount "134"]
[EventDate "2020.12.08"]
[EventType "tourn"]
[EventCountry "RUS"]

1. Nf3 {[%emt 0:00:00]} d5 {[%emt 0:00:00]} 2. g3 {[%emt 0:00:00]} Nf6 {[%emt 0:00:00]} 3. Bg2 {[%emt 0:00:00]} Bf5 {[%emt 0:00:10]} 4. c4 {[%emt 0:00:00]} c6 {[%emt 0:00:25]} 5. Qb3 {[%emt 0:00:27]} Qb6 {[%emt 0:02:31]} 6. d3 {[%emt 0:00:05]} dxc4 {[%emt 0:01:18]} 7. Qxc4 {[%emt 0:00:27]} e6 {[%emt 0:01:40]} 8. Be3 {[%emt 0:00:13]} Qxb2 {[%emt 0:15:12]} 9. O-O {[%emt 0:00:10]} b5 {[%emt 0:05:35]} 10. Qb3 {[%emt 0:00:52]} Qxb3 {[%emt 0:00:15]} 11. axb3 {[%emt 0:00:06]} a5 {[%emt 0:01:41]} 12. Nd4 {[%emt 0:04:49]} Nd5 {[%emt 0:06:45]} 13. Bd2 {[%emt 0:01:22]} Bg4 {[%emt 0:04:06]} 14. h3 {[%emt 0:19:04]} Bc5 {[%emt 0:13:14]} 15. hxg4 {[%emt 0:08:10]} Bxd4 {[%emt 0:00:07]} 16. Rxa5 {[%emt 0:00:04]} Rxa5 {[%emt 0:00:47]} 17. Bxa5 {[%emt 0:00:04]} Kd7 {[%emt 0:02:56]} 18. Rc1 {[%emt 0:06:20]} Rc8 {[%emt 0:06:28]} 19. Nd2 {[%emt 0:04:20]} f6 {[%emt 0:09:10]} 20. Nf3 {[%emt 0:13:16]} Ba7 {[%emt 0:02:23]} 21. g5 {[%emt 0:05:27]} b4 {[%emt 0:05:14]} 22. gxf6 {[%emt 0:04:23]} gxf6 {[%emt 0:00:09]} 23. e4 {[%emt 0:01:37]} Nc3 {[%emt 0:01:05]} 24. Ra1 {[%emt 0:00:21]} Bc5 {[%emt 0:01:27]} 25. d4 {[%emt 0:03:19]} Be7 {[%emt 0:03:47]} 26. Bb6 {[%emt 0:04:58]} Nxe4 {[%emt 0:02:01]} 27. Bh3 {[%emt 0:00:09]} f5 {[%emt 0:01:38]} 28. Ne5+ {[%emt 0:04:22]} Ke8 {[%emt 0:00:10]} 29. Ra7 {[%emt 0:00:11]} Bf6 {[%emt 0:04:47]} 30. f3 {[%emt 0:09:36]} Nd2 {[%emt 0:02:45]} 31. Rxh7 {[%emt 0:03:01]} Bxe5 {[%emt 0:02:32]} 32. dxe5 {[%emt 0:00:06]} Nd7 {[%emt 0:00:11]} 33. Rh8+ {[%emt 0:01:27]} Nf8 {[%emt 0:00:26]} 34. Bc5 {[%emt 0:05:51]} Kf7 {[%emt 0:00:11]} 35. Kf2 {[%emt 0:00:42]} Nxb3 {[%emt 0:00:43]} 36. Bxb4 {[%emt 0:00:29]} c5 {[%emt 0:00:25]} 37. Bc3 {[%emt 0:00:08]} Ra8 {[%emt 0:02:08]} 38. Bf1 {[%emt 0:01:18]} Ra2+ {[%emt 0:00:22]} 39. Ke3 {[%emt 0:01:01]} Rc2 {[%emt 0:00:36]} 40. Kd3 {[%emt 0:00:00]} Rf2 {[%emt 0:00:00]} 41. Rh1 {[%emt 0:01:43]} Rxf3+ {[%emt 0:03:47]} 42. Kc4 {[%emt 0:00:05]} Nd4 {[%emt 0:02:16]} 43. Bxd4 {[%emt 0:09:07]} cxd4 {[%emt 0:00:05]} 44. Rg1 {[%emt 0:00:07]} Re3 {[%emt 0:01:48]} 45. Bd3 {[%emt 0:05:51]} Rxe5 {[%emt 0:01:01]} 46. g4 {[%emt 0:01:25]} Re3 {[%emt 0:02:24]} 47. gxf5 {[%emt 0:06:59]} e5 {[%emt 0:00:05]} 48. Ra1 {[%emt 0:00:36]} Nd7 {[%emt 0:01:33]} 49. Ra7 {[%emt 0:01:12]} Ke8 {[%emt 0:00:19]} 50. Bf1 {[%emt 0:01:28]} Nf6 {[%emt 0:06:33]} 51. Bg2 {[%emt 0:02:35]} Rc3+ {[%emt 0:00:55]} 52. Kb4 {[%emt 0:00:53]} e4 {[%emt 0:09:02]} 53. Ra6 {[%emt 0:00:03]} Kf7 {[%emt 0:01:28]} 54. Rd6 {[%emt 0:00:42]} e3 {[%emt 0:02:11]} 55. Bf3 {[%emt 0:01:11]} Rc2 {[%emt 0:01:44]} 56. Rxd4 {[%emt 0:01:30]} Rf2 {[%emt 0:01:00]} 57. Bd5+ {[%emt 0:03:09]} Ke7 {[%emt 0:01:32]} 58. Bc4 {[%emt 0:00:09]} Rxf5 {[%emt 0:00:22]} 59. Kc3 {[%emt 0:00:37]} Rc5 {[%emt 0:00:19]} 60. Kd3 {[%emt 0:00:33]} Re5 {[%emt 0:00:16]} 61. Ke2 {[%emt 0:00:25]} Nh5 {[%emt 0:00:19]} 62. Kf3 {[%emt 0:00:45]} Nf6 {[%emt 0:00:19]} 63. Rd1 {[%emt 0:00:37]} Re4 {[%emt 0:00:49]} 64. Bd3 {[%emt 0:00:19]} Re5 {[%emt 0:00:06]} 65. Re1 {[%emt 0:01:16]} Nd5 {[%emt 0:00:07]} 66. Be4 {[%emt 0:00:15]} Nc3 {[%emt 0:00:22]} 67. Rxe3 {[%emt 0:00:11]} Rc5 {[%emt 0:00:06]} 1/2-1/2

[Event "RUS-ch Girls U21 2020"]
[Site "Moscow"]
[Date "2020.12.11"]
[Round "4"]
[White "Shafigullina, Zarina"]
[Black "Obolentseva, Alexandra"]
[Result "1-0"]
[WhiteElo "2302"]
[BlackElo "2305"]
[Annotator "broadcasts"]
[PlyCount "133"]
[EventDate "2020.12.08"]
[EventType "tourn"]
[EventCountry "RUS"]

1. d4 {[%emt 0:00:33]} Nf6 {[%emt 0:00:00]} 2. c4 {[%emt 0:00:10]} g6 {[%emt 0:00:00]} 3. Nf3 {[%emt 0:00:16]} Bg7 {[%emt 0:00:00]} 4. g3 {[%emt 0:00:10]} c5 {[%emt 0:00:02]} 5. Nc3 {[%emt 0:01:04]} cxd4 {[%emt 0:00:09]} 6. Nxd4 {[%emt 0:00:05]} O-O {[%emt 0:00:11]} 7. Bg2 {[%emt 0:00:05]} Nc6 {[%emt 0:00:07]} 8. O-O {[%emt 0:00:21]} d6 {[%emt 0:00:06]} 9. e3 {[%emt 0:02:56]} Bg4 {[%emt 0:00:10]} 10. Qd2 {[%emt 0:00:14]} Qd7 {[%emt 0:02:38]} 11. Re1 {[%emt 0:00:07]} Rfd8 {[%emt 0:04:48]} 12. b3 {[%emt 0:05:09]} Bh6 {[%emt 0:12:18]} 13. Bb2 {[%emt 0:10:08]} Rac8 {[%emt 0:03:40]} 14. Nd5 {[%emt 0:06:42]} Nxd5 {[%emt 0:11:00]} 15. cxd5 {[%emt 0:00:32]} Nxd4 {[%emt 0:05:57]} 16. Qxd4 {[%emt 0:00:11]} f6 {[%emt 0:00:05]} 17. Qxa7 {[%emt 0:03:13]} Rc2 {[%emt 0:02:57]} 18. Bd4 {[%emt 0:12:38]} Rdc8 {[%emt 0:02:32]} 19. Be4 {[%emt 0:05:48]} Bh3 {[%emt 0:00:15]} 20. a4 {[%emt 0:14:46]} Qg4 {[%emt 0:00:35]} 21. Bh1 {[%emt 0:00:20]} Re2 {[%emt 0:05:29]} 22. Qxb7 {[%emt 0:12:26]} Rcc2 {[%emt 0:13:27]} 23. Qxe7 {[%emt 0:04:25]} Rxe1+ {[%emt 0:06:46]} 24. Rxe1 {[%emt 0:00:13]} Qe2 {[%emt 0:01:08]} 25. Qe6+ {[%emt 0:07:31]} Bxe6 {[%emt 0:00:08]} 26. Rxe2 {[%emt 0:00:04]} Rc1+ {[%emt 0:00:33]} 27. Kg2 {[%emt 0:00:17]} Bxd5+ {[%emt 0:00:07]} 28. e4 {[%emt 0:00:07]} Bxb3 {[%emt 0:00:10]} 29. a5 {[%emt 0:01:43]} Bc4 {[%emt 0:01:22]} 30. Rb2 {[%emt 0:00:57]} d5 {[%emt 0:01:25]} 31. exd5 {[%emt 0:06:00]} Bxd5+ {[%emt 0:00:10]} 32. f3 {[%emt 0:00:03]} Rd1 {[%emt 0:01:44]} 33. Bb6 {[%emt 0:00:37]} Ra1 {[%emt 0:03:19]} 34. h4 {[%emt 0:03:21]} g5 {[%emt 0:02:06]} 35. hxg5 {[%emt 0:00:05]} fxg5 {[%emt 0:00:17]} 36. Rd2 {[%emt 0:02:11]} Bc4 {[%emt 0:01:09]} 37. Kh2 {[%emt 0:00:40]} Bf8 {[%emt 0:01:42]} 38. Bg2 {[%emt 0:01:00]} Kf7 {[%emt 0:02:13]} 39. Rd4 {[%emt 0:00:36]} Ba6 {[%emt 0:01:13]} 40. f4 {[%emt 0:00:00]} Ra2 {[%emt 0:00:00]} 41. fxg5 {[%emt 0:04:10]} Kg6 {[%emt 0:01:51]} 42. Rf4 {[%emt 0:04:34]} Bg7 {[%emt 0:00:38]} 43. Rf2 {[%emt 0:23:04]} Rxf2 {[%emt 0:00:49]} 44. Bxf2 {[%emt 0:00:03]} Bc3 {[%emt 0:00:18]} 45. Bb6 {[%emt 0:00:12]} Kxg5 {[%emt 0:00:20]} 46. Be4 {[%emt 0:02:16]} h5 {[%emt 0:00:14]} 47. Bf3 {[%emt 0:00:15]} Be1 {[%emt 0:01:19]} 48. Bd8+ {[%emt 0:00:31]} Kg6 {[%emt 0:05:03]} 49. Kh3 {[%emt 0:00:22]} Bf1+ {[%emt 0:00:54]} 50. Kh4 {[%emt 0:00:47]} Kf5 {[%emt 0:00:51]} 51. Bxh5 {[%emt 0:00:27]} Ke5 {[%emt 0:00:07]} 52. Bf3 {[%emt 0:00:34]} Ba6 {[%emt 0:00:37]} 53. Bc7+ {[%emt 0:00:32]} Kd4 {[%emt 0:00:08]} 54. Kh5 {[%emt 0:00:50]} Ke3 {[%emt 0:05:08]} 55. Bd1 {[%emt 0:00:27]} Kd2 {[%emt 0:02:48]} 56. Bf3 {[%emt 0:00:09]} Kc3 {[%emt 0:01:30]} 57. g4 {[%emt 0:00:10]} Kb4 {[%emt 0:00:51]} 58. g5 {[%emt 0:00:07]} Ka4 {[%emt 0:00:52]} 59. Bc6+ {[%emt 0:01:03]} Bb5 {[%emt 0:00:14]} 60. Bxb5+ {[%emt 0:00:22]} Kxb5 {[%emt 0:00:06]} 61. Be5 {[%emt 0:00:25]} Bb4 {[%emt 0:00:48]} 62. g6 {[%emt 0:00:20]} Bf8 {[%emt 0:00:05]} 63. Bc3 {[%emt 0:00:09]} Ka6 {[%emt 0:00:32]} 64. Kg5 {[%emt 0:00:23]} Kb5 {[%emt 0:00:04]} 65. Kf6 {[%emt 0:00:51]} Bh6 {[%emt 0:00:03]} 66. Kf7 {[%emt 0:00:29]} Ka6 {[%emt 0:00:04]} 67. Bd2 {[%emt 0:00:50]} 1-0

[Event "RUS-ch Girls U21 2020"]
[Site "Moscow"]
[Date "2020.12.11"]
[Round "4"]
[White "Protopopova, Anastasiya"]
[Black "Kochukova, Anna"]
[Result "1-0"]
[WhiteElo "2267"]
[BlackElo "2111"]
[Annotator "broadcasts"]
[PlyCount "83"]
[EventDate "2020.12.08"]
[EventType "tourn"]
[EventCountry "RUS"]

1. d4 {[%emt 0:00:00]} d5 {[%emt 0:00:00]} 2. Nf3 {[%emt 0:00:00]} Nf6 {[%emt 0:00:00]} 3. c4 {[%emt 0:00:00]} dxc4 {[%emt 0:00:13]} 4. Qa4+ {[%emt 0:00:00]} Bd7 {[%emt 0:02:54]} 5. Qxc4 {[%emt 0:00:33]} e6 {[%emt 0:01:34]} 6. g3 {[%emt 0:04:45]} Bc6 {[%emt 0:08:13]} 7. Bg2 {[%emt 0:00:19]} Bd5 {[%emt 0:06:06]} 8. Qa4+ {[%emt 0:05:24]} Bc6 {[%emt 0:04:22]} 9. Qc2 {[%emt 0:01:53]} Be4 {[%emt 0:00:38]} 10. Qa4+ {[%emt 0:04:42]} Qd7 {[%emt 0:07:56]} 11. Qxd7+ {[%emt 0:09:16]} Nbxd7 {[%emt 0:02:17]} 12. Nc3 {[%emt 0:00:05]} Bb4 {[%emt 0:01:36]} 13. O-O {[%emt 0:01:15]} Bxc3 {[%emt 0:05:21]} 14. bxc3 {[%emt 0:00:02]} Nb6 {[%emt 0:01:00]} 15. Bg5 {[%emt 0:11:03]} Nfd5 {[%emt 0:04:33]} 16. Rfc1 {[%emt 0:00:18]} h6 {[%emt 0:15:34]} 17. Bd2 {[%emt 0:00:06]} Nc4 {[%emt 0:01:11]} 18. Be1 {[%emt 0:00:05]} Ndb6 {[%emt 0:05:37]} 19. Bf1 {[%emt 0:01:28]} Bxf3 {[%emt 0:04:46]} 20. exf3 {[%emt 0:00:09]} a5 {[%emt 0:01:08]} 21. Rab1 {[%emt 0:06:07]} Ra7 {[%emt 0:00:49]} 22. Rb5 {[%emt 0:01:13]} Nd6 {[%emt 0:06:56]} 23. Re5 {[%emt 0:07:28]} Nd7 {[%emt 0:05:30]} 24. Re3 {[%emt 0:02:55]} b5 {[%emt 0:05:32]} 25. d5 {[%emt 0:04:23]} Nc5 {[%emt 0:00:26]} 26. Rb1 {[%emt 0:10:22]} Rb7 {[%emt 0:02:20]} 27. dxe6 {[%emt 0:01:08]} Nxe6 {[%emt 0:02:35]} 28. Re5 {[%emt 0:04:14]} O-O {[%emt 0:01:52]} 29. c4 {[%emt 0:00:06]} Nd4 {[%emt 0:01:54]} 30. Kg2 {[%emt 0:07:39]} Rfb8 {[%emt 0:01:22]} 31. cxb5 {[%emt 0:07:02]} a4 {[%emt 0:00:26]} 32. Bc3 {[%emt 0:07:03]} N4xb5 {[%emt 0:00:37]} 33. Ba1 {[%emt 0:00:00]} Na3 {[%emt 0:00:36]} 34. Rxb7 {[%emt 0:00:00]} Rxb7 {[%emt 0:00:11]} 35. Ra5 {[%emt 0:00:00]} Nac4 {[%emt 0:00:53]} 36. Rxa4 {[%emt 0:00:00]} Nb6 {[%emt 0:00:19]} 37. Ra6 {[%emt 0:00:00]} f6 {[%emt 0:00:37]} 38. a4 {[%emt 0:00:52]} Nd7 {[%emt 0:00:27]} 39. a5 {[%emt 0:00:45]} Rb1 {[%emt 0:00:33]} 40. Bd4 {[%emt 0:00:00]} Rb4 {[%emt 0:00:00]} 41. Bc3 {[%emt 0:03:15]} Ra4 {[%emt 0:03:58]} 42. Ra7 {[%emt 0:04:27]} 1-0

[Event "RUS-ch Girls U21 2020"]
[Site "Moscow"]
[Date "2020.12.11"]
[Round "4"]
[White "Nosacheva, Mariya"]
[Black "Korchagina, Alena"]
[Result "0-1"]
[WhiteElo "2243"]
[BlackElo "2161"]
[Annotator "broadcasts"]
[PlyCount "92"]
[EventDate "2020.12.08"]
[EventType "tourn"]
[EventCountry "RUS"]

1. Nf3 {[%emt 0:00:00]} Nf6 {[%emt 0:00:56]} 2. g3 {[%emt 0:00:23]} d5 {[%emt 0:00:10]} 3. Bg2 {[%emt 0:00:35]} c6 {[%emt 0:00:07]} 4. O-O {[%emt 0:00:27]} Bf5 {[%emt 0:00:23]} 5. d3 {[%emt 0:00:09]} h6 {[%emt 0:00:07]} 6. Nc3 {[%emt 0:00:28]} e6 {[%emt 0:00:58]} 7. Nd2 {[%emt 0:00:26]} Nbd7 {[%emt 0:03:12]} 8. e4 {[%emt 0:00:39]} Bg6 {[%emt 0:01:50]} 9. h3 {[%emt 0:02:57]} Bc5 {[%emt 0:06:18]} 10. Kh1 {[%emt 0:05:38]} O-O {[%emt 0:14:25]} 11. f4 {[%emt 0:01:35]} dxe4 {[%emt 0:16:55]} 12. dxe4 {[%emt 0:01:32]} Nb6 {[%emt 0:00:36]} 13. Qe2 {[%emt 0:03:28]} Bd4 {[%emt 0:04:27]} 14. Nd1 {[%emt 0:07:27]} Bh5 {[%emt 0:02:26]} 15. Nf3 {[%emt 0:01:14]} Bg6 {[%emt 0:05:55]} 16. e5 {[%emt 0:06:24]} Ne4 {[%emt 0:02:48]} 17. Kh2 {[%emt 0:00:40]} f5 {[%emt 0:10:15]} 18. Nxd4 {[%emt 0:05:25]} Qxd4 {[%emt 0:00:07]} 19. Be3 {[%emt 0:00:44]} Qc4 {[%emt 0:02:59]} 20. Qxc4 {[%emt 0:00:47]} Nxc4 {[%emt 0:01:11]} 21. Bxe4 {[%emt 0:06:06]} fxe4 {[%emt 0:00:05]} 22. Re1 {[%emt 0:07:40]} Rad8 {[%emt 0:04:54]} 23. Kg1 {[%emt 0:00:08]} b6 {[%emt 0:01:49]} 24. b3 {[%emt 0:01:07]} Nd2 {[%emt 0:05:52]} 25. Bxd2 {[%emt 0:00:16]} Rxd2 {[%emt 0:00:04]} 26. Ne3 {[%emt 0:00:07]} Bh5 {[%emt 0:00:31]} 27. g4 {[%emt 0:07:41]} Bg6 {[%emt 0:00:04]} 28. Ng2 {[%emt 0:12:31]} Rxc2 {[%emt 0:01:27]} 29. Rac1 {[%emt 0:00:24]} Rxc1 {[%emt 0:04:05]} 30. Rxc1 {[%emt 0:00:01]} c5 {[%emt 0:00:01]} 31. Kf2 {[%emt 0:00:34]} Rd8 {[%emt 0:00:51]} 32. Ke2 {[%emt 0:00:52]} Be8 {[%emt 0:00:12]} 33. Ne1 {[%emt 0:10:41]} Bb5+ {[%emt 0:04:29]} 34. Ke3 {[%emt 0:00:07]} Bf1 {[%emt 0:00:31]} 35. Kf2 {[%emt 0:01:05]} Bxh3 {[%emt 0:00:40]} 36. Kg3 {[%emt 0:00:14]} Bf1 {[%emt 0:00:05]} 37. f5 {[%emt 0:00:31]} exf5 {[%emt 0:02:00]} 38. gxf5 {[%emt 0:00:15]} Rf8 {[%emt 0:02:42]} 39. Kg4 {[%emt 0:00:06]} h5+ {[%emt 0:01:06]} 40. Kf4 {[%emt 0:00:00]} Bh3 {[%emt 0:00:00]} 41. Kxe4 {[%emt 0:01:53]} Bxf5+ {[%emt 0:00:10]} 42. Ke3 {[%emt 0:02:14]} h4 {[%emt 0:04:51]} 43. Nf3 {[%emt 0:00:12]} h3 {[%emt 0:01:05]} 44. Rg1 {[%emt 0:02:05]} Bd7 {[%emt 0:02:08]} 45. Rg6 {[%emt 0:01:41]} Bc8 {[%emt 0:09:08]} 46. Rg3 {[%emt 0:01:29]} Rxf3+ {[%emt 0:02:39]} 0-1

[Event "RUS-ch Girls U21 2020"]
[Site "Moscow"]
[Date "2020.12.11"]
[Round "4"]
[White "Dimitrova, Aleksandra"]
[Black "Nazarova, Anastasia"]
[Result "1-0"]
[WhiteElo "2193"]
[BlackElo "2190"]
[Annotator "NA"]
[PlyCount "127"]
[EventDate "2020.12.08"]
[EventType "tourn"]
[EventCountry "RUS"]

1. e4 {[%emt 0:00:00]} e5 {[%emt 0:00:00]} 2. Nf3 {[%emt 0:00:00]} Nc6 {[%emt 0:00:00]} 3. Bb5 {[%emt 0:00:00]} a6 {[%emt 0:00:00]} 4. Ba4 {[%emt 0:00:00]} Nf6 {[%emt 0:00:00]} 5. O-O {[%emt 0:00:00]} Be7 {[%emt 0:00:01]} 6. d3 {[%emt 0:00:05]} b5 {[%emt 0:00:23]} 7. Bb3 {[%emt 0:00:06]} d6 {[%emt 0:00:17]} 8. a3 {[%emt 0:00:05]} O-O {[%emt 0:00:53]} 9. Nc3 {[%emt 0:00:14]} Na5 {[%emt 0:07:14]} 10. Ba2 {[%emt 0:00:07]} c5 {[%emt 0:00:12]} 11. b4 {[%emt 0:02:33]} cxb4 {[%emt 0:16:45]} 12. axb4 {[%emt 0:00:06]} Nc6 {[%emt 0:00:02]} 13. Nd5 {[%emt 0:00:56]} Be6 {[%emt 0:00:28]} 14. Bd2 {[%emt 0:11:12]} Bxd5 {[%emt 0:04:52]} 15. exd5 {[%emt 0:06:21]} Nb8 {[%emt 0:02:35]} 16. Re1 {[%emt 0:08:24]} Re8 {[%emt 0:06:44]} 17. Bb3 {[%emt 0:11:58]} Nbd7 {[%emt 0:06:10]} 18. c4 {[%emt 0:09:47]} Bf8 {[%emt 0:04:53]} 19. Ra5 {[%emt 0:08:34]} Qb6 {[%emt 0:07:55]} 20. Qa1 {[%emt 0:03:00]} Qb7 {[%emt 0:02:32]} 21. Qa2 {[%emt 0:03:39]} Nb6 {[%emt 0:08:18]} 22. Rc1 {[%emt 0:10:50]} Rec8 {[%emt 0:03:48]} 23. Bg5 {[%emt 0:04:00]} Nfd7 {[%emt 0:02:31]} 24. Re1 {[%emt 0:04:41]} h6 {[%emt 0:03:04]} 25. Bc1 {[%emt 0:02:13]} Nf6 {[%emt 0:03:09]} 26. Bb2 {[%emt 0:03:18]} Nbd7 {[%emt 0:11:47]} 27. cxb5 {[%emt 0:00:15]} axb5 {[%emt 0:00:07]} 28. d4 {[%emt 0:00:34]} e4 {[%emt 0:00:50]} 29. Nd2 {[%emt 0:00:07]} Nb6 {[%emt 0:02:49]} 30. Ra1 {[%emt 0:04:08]} Rxa5 {[%emt 0:03:14]} 31. bxa5 {[%emt 0:00:53]} Na4 {[%emt 0:00:35]} 32. Nf1 {[%emt 0:01:52]} Ra8 {[%emt 0:00:31]} 33. Bxa4 {[%emt 0:00:50]} bxa4 {[%emt 0:00:04]} 34. Bc3 {[%emt 0:00:17]} Nxd5 {[%emt 0:01:35]} 35. Bd2 {[%emt 0:00:12]} Nc7 {[%emt 0:02:03]} 36. Qxa4 {[%emt 0:00:20]} Na6 {[%emt 0:00:42]} 37. Ne3 {[%emt 0:01:47]} d5 {[%emt 0:00:18]} 38. Qa2 {[%emt 0:01:13]} Rd8 {[%emt 0:00:44]} 39. Rb1 {[%emt 0:01:11]} Qc7 {[%emt 0:00:51]} 40. h3 {[%emt 0:00:00]} Qa7 {[%emt 0:00:00]} 41. Rb6 {[%emt 0:11:08]} Nc7 {[%emt 0:11:12]} 42. Bc3 {[%emt 0:03:40]} Bd6 {[%emt 0:01:07]} 43. Nf5 {[%emt 0:02:21]} Bf8 {[%emt 0:00:16]} 44. Ne3 {[%emt 0:02:19]} Bd6 {[%emt 0:00:16]} 45. Qb3 {[%emt 0:00:00]} Bf4 {[%emt 0:02:25]} 46. Nf5 {[%emt 0:00:55]} Ne6 {[%emt 0:04:26]} 47. Rb7 {[%emt 0:00:08]} Qa6 {[%emt 0:06:26]} 48. Ne7+ {[%emt 0:00:08]} Kh7 {[%emt 0:02:54]} 49. Nxd5 {[%emt 0:02:33]} Qd3 {[%emt 0:02:15]} 50. Nxf4 {[%emt 0:01:44]} Nxf4 {[%emt 0:00:01]} 51. Be1 {[%emt 0:09:24]} Ne2+ {[%emt 0:01:34]} 52. Kh2 {[%emt 0:00:25]} Qxd4 {[%emt 0:00:27]} 53. Qe3 {[%emt 0:02:03]} Qe5+ {[%emt 0:02:02]} 54. Kh1 {[%emt 0:00:24]} Nf4 {[%emt 0:00:38]} 55. Rxf7 {[%emt 0:01:29]} Ne6 {[%emt 0:00:41]} 56. f4 {[%emt 0:00:53]} Qd5 {[%emt 0:01:06]} 57. a6 {[%emt 0:00:52]} Nc5 {[%emt 0:01:08]} 58. Re7 {[%emt 0:00:31]} Nxa6 {[%emt 0:00:11]} 59. Qa7 {[%emt 0:01:11]} Qd4 {[%emt 0:00:57]} 60. Qxa6 {[%emt 0:00:25]} Qe3 {[%emt 0:00:20]} 61. Qa1 {[%emt 0:00:37]} Rd4 {[%emt 0:00:33]} 62. Bc3 {[%emt 0:00:47]} Rd3 {[%emt 0:00:35]} 63. Rxg7+ {[%emt 0:00:11]} Kh8 {[%emt 0:00:06]} 64. Qa8+ {[%emt 0:00:07]} 1-0

[Event "RUS-ch Girls U21 2020"]
[Site "Moscow"]
[Date "2020.12.12"]
[Round "5.1"]
[White "Obolentseva, Alexandra"]
[Black "Protopopova, Anastasiya"]
[Result "0-1"]
[WhiteElo "2305"]
[BlackElo "2267"]
[Annotator "ChessBase"]
[PlyCount "132"]
[EventDate "2020.12.08"]
[EventType "tourn"]
[EventCountry "RUS"]
[SourceTitle "playchess.com"]
[Source "ChessBase"]
[SourceQuality "1"]
[TimeControl "40/5400+30:1800+30"]

1. Nf3 {[%emt 0:00:00]} c5 {[%emt 0:00:00]} 2. c4 {[%emt 0:01:39]} Nc6 {[%emt 0:00:00]} 3. g3 {[%emt 0:00:26]} g6 {[%emt 0:00:58]} 4. Bg2 {[%emt 0:00:14]} Bg7 {[%emt 0:00:08]} 5. O-O {[%emt 0:00:11]} e5 {[%emt 0:00:06]} 6. Nc3 {[%emt 0:00:27]} Nge7 {[%emt 0:00:07]} 7. a3 {[%emt 0:01:18]} a5 {[%emt 0:00:24]} 8. d3 {[%emt 0:01:09]} O-O {[%emt 0:01:51]} 9. Nd2 {[%emt 0:01:29]} d6 {[%emt 0:00:52]} 10. Re1 {[%emt 0:07:55]} f5 {[%emt 0:04:21]} 11. Nf1 {[%emt 0:01:28]} f4 {[%emt 0:03:59]} 12. Bd2 {[%emt 0:12:05]} Bg4 {[%emt 0:14:48]} 13. Nd5 {[%emt 0:03:34]} g5 {[%emt 0:09:34]} 14. Bc3 {[%emt 0:03:28]} Kh8 {[%emt 0:07:07]} 15. Qd2 {[%emt 0:04:08]} Rb8 {[%emt 0:12:16]} 16. Rab1 {[%emt 0:03:25]} Nxd5 {[%emt 0:02:59]} 17. cxd5 {[%emt 0:02:40]} Nd4 {[%emt 0:01:01]} 18. Bxd4 {[%emt 0:05:53]} exd4 {[%emt 0:08:17]} 19. b4 {[%emt 0:06:47]} axb4 {[%emt 0:00:30]} 20. axb4 {[%emt 0:00:30]} b6 {[%emt 0:03:52]} 21. Qc2 {[%emt 0:02:50]} Re8 {[%emt 0:02:30]} 22. Be4 {[%emt 0:00:47]} Qd7 {[%emt 0:09:32]} 23. Nd2 {[%emt 0:02:14]} Bh5 {[%emt 0:03:07]} 24. bxc5 dxc5 {[%emt 0:00:30]} 25. Nc4 {[%emt 0:02:35]} b5 {[%emt 0:01:34]} 26. Na5 {[%emt 0:00:09]} Bf8 {[%emt 0:04:16]} 27. Nc6 {[%emt 0:00:08]} Rb6 {[%emt 0:01:40]} 28. Ra1 {[%emt 0:02:00]} Qh3 {[%emt 0:01:27]} 29. Bg2 {[%emt 0:03:13]} Qf5 {[%emt 0:00:03]} 30. Qd2 {[%emt 0:02:03]} Rb7 {[%emt 0:02:06]} 31. Be4 {[%emt 0:01:33]} Qf7 {[%emt 0:01:51]} 32. Ra6 {[%emt 0:00:55]} b4 {[%emt 0:00:13]} 33. Rea1 {[%emt 0:00:28]} Bg6 {[%emt 0:01:02]} 34. Bf3 {[%emt 0:00:37]} b3 {[%emt 0:00:35]} 35. Rb1 {[%emt 0:00:25]} c4 {[%emt 0:00:29]} 36. Nxd4 {[%emt 0:00:49]} Bg7 {[%emt 0:00:01]} 37. Qc3 {[%emt 0:01:46]} cxd3 {[%emt 0:00:35]} 38. exd3 {[%emt 0:02:26]} fxg3 {[%emt 0:00:24]} 39. Qc4 {[%emt 0:01:18]} g4 {[%emt 0:00:39]} 40. hxg3 {[%emt 0:00:00]} gxf3 {[%emt 0:00:00]} 41. Re6 {[%emt 0:11:58]} Reb8 {[%emt 0:09:18]} 42. Nc6 {[%emt 0:04:37]} Ra8 {[%emt 0:00:23]} 43. Na5 {[%emt 0:02:33]} Qf5 {[%emt 0:05:01]} 44. Ra6 {[%emt 0:06:12]} Rc8 {[%emt 0:04:29]} 45. g4 {[%emt 0:02:13]} Qf8 {[%emt 0:02:17]} 46. Rc6 {[%emt 0:00:49]} Rxc6 {[%emt 0:00:18]} 47. dxc6 {[%emt 0:00:07]} Rb4 {[%emt 0:00:05]} 48. Qe6 {[%emt 0:00:42]} Bf7 {[%emt 0:05:52]} 49. Qf5 {[%emt 0:03:58]} Qe7 {[%emt 0:00:17]} 50. Qc8+ {[%emt 0:01:45]} Bf8 {[%emt 0:01:21]} 51. Qf5 {[%emt 0:03:16]} Qe6 {[%emt 0:02:37]} 52. Qxf3 {[%emt 0:01:30]} Qxg4+ {[%emt 0:00:09]} 53. Qxg4 {[%emt 0:00:08]} Rxg4+ {[%emt 0:00:02]} 54. Kf1 {[%emt 0:00:09]} Bd6 {[%emt 0:01:26]} 55. Nc4 {[%emt 0:04:30]} Bc7 {[%emt 0:02:26]} 56. Ke2 {[%emt 0:04:58]} h5 {[%emt 0:00:26]} 57. f3 {[%emt 0:01:08]} Rg2+ {[%emt 0:00:45]} 58. Ke3 {[%emt 0:01:08]} Bxc4 {[%emt 0:00:26]} 59. dxc4 {[%emt 0:00:28]} b2 {[%emt 0:00:11]} 60. f4 {[%emt 0:00:20]} h4 {[%emt 0:00:20]} 61. Kf3 {[%emt 0:00:19]} h3 {[%emt 0:00:27]} 62. Rh1 {[%emt 0:00:33]} Kg7 {[%emt 0:00:10]} 63. Re1 {[%emt 0:00:20]} Kf6 {[%emt 0:00:10]} 64. c5 {[%emt 0:00:04]} Rc2 {[%emt 0:00:16]} 65. Rb1 {[%emt 0:00:07]} h2 {[%emt 0:00:16]} 66. Kg3 Rc1 {[%emt 0:00:14]} 0-1